000
00336nam a2200133Ia 4500
008
100328s9999 xx 000 0 und d
082
_b
59866
100
_a
देवधर विजय
245
_a
फ्रॉड.
260
_b
मंगलदीप.
630
_a
फ्रॉड.
730
_a
फ्रॉड.
942
_c
BOOK
999
_c
546054
_d
546051